000 01101nam a22003137a 4500
001 BR8601075
003 BR-BrBNA
005 20230928092240.0
007 ta
008 230509b bl.||||| |||| 00| 0 por d
040 _aBR-BrBNA
_bpor
_cBiblioteca Nacional de Agricultura
041 _a(Por)
072 _aH20; P34; H10
_b1410
_b4050
_b4190
090 _ 1410 BR8601075
100 1 _aOliveira, A.A.R.
110 1 _aUniversidade Federal de Vicosa, MG (Brasil)
_0Tese (Magister Scientiae)
245 1 _aInteracao entre fungo micorrizico vesicular-arbuscular, nematoide das galhas e fosforo em feijoeiro (Phaseolus vulgaris L.)
246 1 _a[Interaction between vesicular-arbuscular mycorrhizal fungus, gall nematode and phosphorus in bean plant (Phaseolus vulgaris L.)]
260 3 _aVicosa, MG (Brasil):
_c1984.
300 _a95 p.
500 _a21 illus.; 28 tables; Bibliography p. 71-6 (62 ref.); Summary (Por)
650 _aNEMATOIDE
650 _aGALHA
650 _aFOSFORO
650 _aFEIJAO
650 _aMICORRIZA
909 _a202309
_bLucia
_c55
_dLucia Elande
942 _cBK
999 _c37904
_d37904